000 00549nam a2200181Ia 4500
003 IN-BaIIA
008 211028s9999 xx 000 0 eng d
020 _a1-86094-026-9
040 _cIIA Library
080 _a533
_bTRE
100 _aTreumann, R. A.
_921919
245 0 _aAdvanced space plasma physics
_cR. A. Treumann and W. Baumjohann
260 _aLondon
_bImperial College Press
_c1997
300 _ax, 381p.
650 _aPlasma physics
_93732
650 _aSpace plasmas
_910937
942 _cBK
999 _c12516
_d12516